logo

Bir Sreshtho Munshi Abdur Rouf Library
Jhenaidah Cadet College

বাংলা একাডেমী প্রমিত বাংলা ভাষার ব্যাকরণ (প্রথম খন্ড) / (Record no. 5165)

MARC details
000 -LEADER
fixed length control field 00899nam a2200253 a 4500
001 - CONTROL NUMBER
JCCL Control Number 5165
003 - CONTROL NUMBER IDENTIFIER
JCCL marc code BD-JhCC
005 - DATE AND TIME OF LATEST TRANSACTION
control field 20180227175734.0
008 - FIXED-LENGTH DATA ELEMENTS--GENERAL INFORMATION
fixed length control field 171209s2011 bg ||||| |||| 00| 0 ben d
020 ## - INTERNATIONAL STANDARD BOOK NUMBER
International Standard Book Number 9840749641
035 ## - SYSTEM CONTROL NUMBER
system control number (BD-JhCC)5165
040 ## - CATALOGING SOURCE
Original cataloging agency BD-JhCC
Modifying agency BD-JhCC
041 ## - LANGUAGE CODE
Language code of Book ben
082 ## - DEWEY DECIMAL CLASSIFICATION NUMBER
Classification number 491.44709
Author mark and Year BAN 2011
245 ## - TITLE STATEMENT
Title বাংলা একাডেমী প্রমিত বাংলা ভাষার ব্যাকরণ (প্রথম খন্ড) /
Statement of responsibility, etc রফিকুল ইসলাম, পবিত্র সরকার (সম্পা.)
260 ## - PUBLICATION, DISTRIBUTION, ETC. (IMPRINT)
Place of publication, distribution, etc ঢাকা :
Name of publisher, distributor, etc বাংলা একাডেমী,
Date of publication, distribution, etc 2011.
300 ## - PHYSICAL DESCRIPTION
Pagination 504 p. :
Dimensions 21 cm.
650 ## - SUBJECT ADDED ENTRY--TOPICAL TERM
Topical term or geographic name as entry element Bengali Language
650 ## - SUBJECT ADDED ENTRY--TOPICAL TERM
Topical term or geographic name as entry element Bengali grammar
700 ## - ADDED ENTRY--PERSONAL NAME
Personal name ইসলাম, রফিকুল
700 ## - ADDED ENTRY--PERSONAL NAME
Personal name পবিত্র, সরকার
942 ## - ADDED ENTRY ELEMENTS (KOHA)
Source of classification or shelving scheme Dewey Decimal Classification
Koha item type Books
Holdings
Source of classification or shelving scheme volume number Damaged status Not for loan Home library Current library Shelving location Date of accession Cost, normal purchase price Total Checkouts Full call number Barcode Date last seen Copy number Koha item type Date checked out
Dewey Decimal Classification V-1     JCC Rouf Library JCC Rouf Library General Stacks 12/09/2017 500.00   491.44709 ISL 2011 7205 12/09/2017 C-1 Books  
Dewey Decimal Classification V-1     JCC Rouf Library JCC Rouf Library General Stacks 12/09/2017 500.00   491.44709 ISL 2011 7204 12/09/2017 C-2 Books  
Dewey Decimal Classification V-1     JCC Rouf Library JCC Rouf Library General Stacks 12/09/2017 500.00   491.44709 ISL 2011 7203 12/09/2017 C-3 Books  
Dewey Decimal Classification V-1     JCC Rouf Library JCC Rouf Library General Stacks 12/09/17 500.00   491.44709 ISL 2011 7202 12/09/2017 C-4 Books  
Dewey Decimal Classification V-1     JCC Rouf Library JCC Rouf Library General Stacks 12/09/2017 500.00   491.44709 ISL 2011 7201 12/09/2017 C-5 Books  
Dewey Decimal Classification V-1     JCC Rouf Library JCC Rouf Library General Stacks 12/11/2017 500.00   491.44709 ISL 2011 7236 12/11/2017 C-6 Books  
Dewey Decimal Classification V-1     JCC Rouf Library JCC Rouf Library General Stacks 12/11/2017 500.00   491.44709 ISL 2011 7235 12/11/2017 C-7 Books  
Dewey Decimal Classification V-1     JCC Rouf Library JCC Rouf Library General Stacks 12/11/2017 500.00   491.44709 ISL 2011 7234 12/11/2017 C-8 Books  
Dewey Decimal Classification V-1     JCC Rouf Library JCC Rouf Library General Stacks       491.44709 BAN 2011 11397 02/27/2018 C - 1 Books  
Dewey Decimal Classification V-1     JCC Rouf Library JCC Rouf Library General Stacks       491.44709 BAN 2011 11396 02/27/2018 C - 1 Books  
Dewey Decimal Classification V-1     JCC Rouf Library JCC Rouf Library General Stacks       491.44709 BAN 2011 11395 02/27/2018 C - 1 Books  
Dewey Decimal Classification V-1     JCC Rouf Library JCC Rouf Library General Stacks       491.44709 BAN 2011 11394 02/27/2018 C - 1 Books  
Dewey Decimal Classification V-1     JCC Rouf Library JCC Rouf Library General Stacks 11/03/2024   1 491.44709 BAN 2011 11393 11/14/2024 C - 1 Books 11/03/2024

JCC Library | Contacts | JCC Home

Last Update on 23 September 2017
Copyright @ 2017-2020 JCC Rouf Library
Rouf Library, Jhenidah Cadet College (JCC), Bangladesh